Normal view
MARC view
Entry Personal Name
001 - CONTROL NUMBER
- control field: 1004591
003 - CONTROL NUMBER IDENTIFIER
- control field:
005 - DATE AND TIME OF LATEST TRANSACTION
- control field: 20210627122131.0
008 - FIXED-LENGTH DATA ELEMENTS
- fixed length control field: 210627|| aca||aabn | a|a d
040 ## - CATALOGING SOURCE
- Original cataloging agency:
- Transcribing agency:
100 ## - HEADING--PERSONAL NAME
- Personal name: Sukumaran, K
670 ## - SOURCE DATA FOUND
- Source citation: Work cat.: ()892477: Sukumaran, K., Citizen's rights men of medicine women & judiciary /, 1994
